|
|
|
|
| LEADER |
00000nam a22000007i 4500 |
| 001 |
IT\ICCU\RAV\0147358 |
| 003 |
ItRI |
| 005 |
20241227102358.0 |
| 008 |
910624s1982 it |||||| ||||| |||||c |
| 015 |
|
|
|2 IT
|a 84813
|
| 040 |
|
|
|b ita
|c Arcigay Rimini
|
| 041 |
|
7 |
|a ita
|2 ISO-639-2
|
| 082 |
|
|
|a 823.9
|2 18
|
| 100 |
1 |
|
|a Highsmith, Patricia
|0 IT\ICCU\CFIV\006585
|4 aut
|
| 240 |
1 |
4 |
|a The boy who followed Ripley
|9 Highsmith, Patricia
|
| 245 |
1 |
3 |
|a Il ragazzo di Tom Ripley /
|c Patricia Highsmith.
|
| 260 |
|
|
|a Milano :
|b Sonzogno,
|c 1982
|
| 300 |
|
|
|a 306 p. ;
|c 23 cm
|
| 500 |
|
|
|a Traduzione di Marisa Caramella.
|
| 830 |
|
2 |
|a I super
|0 IT\ICCU\RAV\0048904
|
| 942 |
|
|
|2 ddc
|c BK
|
| 952 |
|
|
|0 0
|1 0
|2 ddc
|4 0
|6 823_900000000000000_HIG_ILR
|7 1
|9 2388
|a RN
|b RN
|d 2024-12-27
|l 0
|o 823.9 HIG ILR
|p 9841
|r 2024-12-27 10:25:00
|w 2024-12-27
|y BK
|
| 981 |
|
1 |
|6 z01
|a i
|b xxxe
|
| 982 |
|
1 |
|6 z01
|a n
|
| 999 |
|
|
|c 2086
|d 2086
|